[Event "Cote d'Ivoire Blitz 2019"]
[Site "Abidjan CIV"]
[Date "2019.05.12"]
[Round "13"]
[White "Topalov, Veselin"]
[Black "Carlsen, Magnus"]
[Result "0-1"]
[WhiteElo "2740"]
[BlackElo "2861"]
[PlyCount "56"]
[EventDate "2019.05.11"]

1. e4 c5 2. Nf3 Nc6 3. d4 cxd4 4. Nxd4 Nf6 5. Nc3 e5 6. Ndb5 d6 7. Bg5 a6 8.
Na3 b5 9. Bxf6 gxf6 10. Nd5 Bg7 11. c3 f5 12. exf5 Bxf5 13. Nc2 O-O 14. Nce3
Be6 15. Bd3 f5 16. O-O e4 17. Nf4 Bf7 18. Bc2 Be5 19. Nfd5 Kh8 20. f4 exf3 21.
Qxf3 Bxd5 22. Nxd5 Qh4 23. g3 Rg8 24. Nf4 Qh6 25. Bxf5 Raf8 26. Ne6 Bxg3 27.
hxg3 Rxf5 28. Qxf5 Rxg3+ 0-1

[Event "Cote d'Ivoire Blitz 2019"]
[Site "Abidjan CIV"]
[Date "2019.05.12"]
[Round "13"]
[White "Vachier-Lagrave, Maxime"]
[Black "Amin, Bassem"]
[Result "1-0"]
[WhiteElo "2780"]
[BlackElo "2704"]
[PlyCount "73"]
[EventDate "2019.05.11"]

1. d4 Nf6 2. c4 e6 3. Nf3 Bb4+ 4. Nbd2 b6 5. g3 Bb7 6. Bg2 c5 7. dxc5 Bxc5 8.
O-O O-O 9. b3 d5 10. Bb2 Nbd7 11. Rc1 Qe7 12. Nd4 Rfd8 13. cxd5 Nxd5 14. Ne4
N7f6 15. e3 Nxe4 16. Bxe4 Nxe3 17. Bxh7+ Kxh7 18. Qh5+ Kg8 19. fxe3 Rd5 20. Qg4
Rg5 21. Qh4 f6 22. b4 Bxb4 23. Nc6 Bxc6 24. Rxc6 Bc5 25. Qe4 Re8 26. Bd4 Qd7
27. Bxc5 bxc5 28. Ra6 Re5 29. Qc2 Rc8 30. Rd1 Qb7 31. Rad6 Rd5 32. R1xd5 exd5
33. Qf5 Re8 34. Rd7 Qc6 35. Qg4 g5 36. Qf5 Kf8 37. Qh7 1-0

[Event "Cote d'Ivoire Blitz 2019"]
[Site "Abidjan CIV"]
[Date "2019.05.12"]
[Round "13"]
[White "Ding, Liren"]
[Black "Nakamura, Hikaru"]
[Result "1/2-1/2"]
[WhiteElo "2805"]
[BlackElo "2761"]
[PlyCount "43"]
[EventDate "2019.05.11"]

1. d4 Nf6 2. c4 e6 3. Nf3 d5 4. g3 Be7 5. Bg2 O-O 6. O-O dxc4 7. Qc2 b5 8. a4
b4 9. Nfd2 c6 10. Nxc4 Qxd4 11. Rd1 Qc5 12. Be3 Qh5 13. Nbd2 Ng4 14. Nf3 Nxe3
15. Nxe3 a5 16. Nc4 Ba6 17. Nfe5 Bxc4 18. Nxc4 Ra7 19. Rac1 Qc5 20. Qe4 Rc7 21.
Ne5 Qa7 22. Nxc6 1/2-1/2

[Event "Cote d'Ivoire Blitz 2019"]
[Site "Abidjan CIV"]
[Date "2019.05.12"]
[Round "13"]
[White "Nepomniachtchi, Ian"]
[Black "Wei, Yi"]
[Result "1/2-1/2"]
[WhiteElo "2773"]
[BlackElo "2736"]
[PlyCount "156"]
[EventDate "2019.05.11"]

1. e4 e5 2. Nf3 Nf6 3. Nxe5 d6 4. Nf3 Nxe4 5. Nc3 Nxc3 6. dxc3 Be7 7. Be3 O-O
8. Qd2 Nd7 9. O-O-O Nf6 10. Bd3 d5 11. Rhe1 Bg4 12. Bg5 Ne4 13. Bxe4 dxe4 14.
Bxe7 Qxe7 15. Qf4 f5 16. h3 Bh5 17. Rd4 Qf7 18. Ne5 Qxa2 19. Qg5 Bf7 20. Nd7 h6
21. Qg3 Rfc8 22. Qe5 Qe6 23. Qxe6 Bxe6 24. Nc5 Kf7 25. Nxb7 Rab8 26. Nc5 Rb6
27. Ra4 Ra8 28. b3 Rc6 29. Ra5 Rd8 30. c4 Kf6 31. Nxe6 Rxe6 32. Rxa7 Rd7 33. b4
f4 34. b5 e3 35. fxe3 Rxe3 36. Rd1 Rde7 37. c5 R3e5 38. b6 cxb6 39. Rd6+ R7e6
40. Rdd7 Rxc5 41. Rf7+ Ke5 42. Rxg7 Rec6 43. Rae7+ Kf5 44. Re2 Rg6 45. Rf7+ Rf6
46. Rd7 Rg6 47. Rd4 Rc3 48. Rf2 Ke5 49. Rb4 Rf6 50. Kb2 Re3 51. Rd2 Rc6 52. Rf2
Rf6 53. Rb5+ Ke4 54. Rd2 Rg6 55. Rb4+ Ke5 56. Rb5+ Ke4 57. Rbd5 Reg3 58. R5d4+
Ke5 59. Rd5+ Ke4 60. R2d4+ Ke3 61. Rb4 Rf6 62. Rd3+ Kf2 63. Rd2+ Kg1 64. Rdd4
Kxg2 65. Rxf4 Rxf4 66. Rxf4 Kxh3 67. Rf6 h5 68. Rxb6 h4 69. c4 Kg2 70. c5 h3
71. c6 Rg6 72. Ka2 h2 73. c7 Rxb6 74. c8=Q h1=Q 75. Qg4+ Kf1 76. Qd1+ Kg2 77.
Qg4+ Kh2 78. Qh4+ Kg2 1/2-1/2

[Event "Cote d'Ivoire Blitz 2019"]
[Site "Abidjan CIV"]
[Date "2019.05.12"]
[Round "13"]
[White "Karjakin, Sergey"]
[Black "So, Wesley"]
[Result "1/2-1/2"]
[WhiteElo "2752"]
[BlackElo "2754"]
[PlyCount "142"]
[EventDate "2019.05.11"]

1. Nf3 d5 2. e3 Nf6 3. c4 e6 4. b3 Be7 5. Bb2 O-O 6. Nc3 c5 7. cxd5 Nxd5 8. h4
Nc6 9. Qb1 f5 10. Bb5 Bd7 11. h5 Nf6 12. h6 g6 13. O-O a6 14. Be2 Ng4 15. d4
cxd4 16. exd4 Nb4 17. d5 Bf6 18. dxe6 Bxe6 19. Na4 Rc8 20. Rd1 Qe7 21. Bxf6
Qxf6 22. a3 Nd5 23. Bc4 Nf4 24. Qb2 Bxc4 25. bxc4 Qxb2 26. Nxb2 Nxh6 27. Rd7
Rf7 28. Rad1 Rc7 29. Rd8+ Rf8 30. Ng5 Nf7 31. Nxf7 Rcxf7 32. g3 Ne6 33. Rxf8+
Kxf8 34. Rd6 Ke7 35. Rb6 Nc5 36. Nd1 Rf6 37. Rb2 Rd6 38. Ne3 Kd7 39. Nd5 Nd3
40. Rxb7+ Kd8 41. Rxh7 Ne5 42. Ne3 Rc6 43. Rg7 Ke8 44. Kf1 Kf8 45. Ra7 Nxc4 46.
Nxc4 Rxc4 47. Rxa6 Kg7 48. Kg2 Rc3 49. f4 Rc2+ 50. Kh3 Kh6 51. a4 Ra2 52. a5
Kg7 53. Ra8 Kh6 54. a6 Kg7 55. g4 fxg4+ 56. Kxg4 Ra3 57. Ra7+ Kf6 58. Ra8 Kf7
59. Kg5 Ra5+ 60. Kh4 Kg7 61. Kg3 Ra3+ 62. Kf2 Kf7 63. Ke2 Kg7 64. Kd2 Ra4 65.
Ke3 Kf7 66. Kd3 Kg7 67. Ke3 Kf7 68. Ra7+ Kf6 69. Kf3 Kf5 70. Ke3 Ra3+ 71. Kf2
Kxf4 1/2-1/2

[Event "Cote d'Ivoire Blitz 2019"]
[Site "Abidjan CIV"]
[Date "2019.05.12"]
[Round "14"]
[White "Nakamura, Hikaru"]
[Black "Topalov, Veselin"]
[Result "1-0"]
[WhiteElo "2761"]
[BlackElo "2740"]
[PlyCount "109"]
[EventDate "2019.05.11"]

1. Nf3 d5 2. e3 c6 3. c4 Nf6 4. Nc3 a6 5. d4 Bf5 6. Nh4 Be6 7. c5 g6 8. Bd3 Bg7
9. O-O O-O 10. b4 Bc8 11. f4 Ne8 12. Qe1 a5 13. Na4 axb4 14. Nb6 Ra7 15. Qxb4
Na6 16. Qc3 Nf6 17. Nxc8 Qxc8 18. Rb1 Nc7 19. Qc2 Ne4 20. Nf3 Qd7 21. a3 Rfa8
22. Rb3 f5 23. Bb2 Ne6 24. Rb1 Nd8 25. Bc1 Bf6 26. g3 Kg7 27. Qg2 Ra4 28. h3 h5
29. g4 fxg4 30. hxg4 Qxg4 31. Qxg4 hxg4 32. Bxe4 gxf3 33. Bxf3 g5 34. f5 Kf8
35. Kf2 Ke8 36. Ke2 Kd7 37. Kd3 Kc7 38. Bh5 R4a7 39. Bb2 Ra6 40. Kc2 b6 41.
cxb6+ Rxb6 42. Rxb6 Kxb6 43. Bc3+ Kc7 44. Ra1 Nb7 45. a4 Nd6 46. Bg4 Nc4 47.
Kd3 c5 48. Bf3 cxd4 49. Bxd4 Ne5+ 50. Bxe5+ Bxe5 51. Ra2 Kd6 52. a5 Ra7 53. a6
Kc5 54. e4 d4 55. Ra5+ 1-0

[Event "Cote d'Ivoire Blitz 2019"]
[Site "Abidjan CIV"]
[Date "2019.05.12"]
[Round "14"]
[White "Carlsen, Magnus"]
[Black "Karjakin, Sergey"]
[Result "1-0"]
[WhiteElo "2861"]
[BlackElo "2752"]
[PlyCount "135"]
[EventDate "2019.05.11"]

1. c4 Nf6 2. Nc3 e5 3. g3 Bb4 4. e4 Bxc3 5. dxc3 d6 6. f3 O-O 7. Nh3 a6 8. a4
Nbd7 9. Nf2 a5 10. Be2 Nc5 11. O-O Bd7 12. Be3 b6 13. Kh1 Kh8 14. b3 Ng8 15. g4
Ne7 16. Rb1 Ng6 17. Qd2 Ne6 18. Nd3 Nc5 19. Rg1 Nxd3 20. Bxd3 Bc6 21. Rg3 Qe7
22. Rbg1 Kg8 23. Bc2 Kh8 24. Kg2 Kg8 25. Kf2 f6 26. Ke1 Kf7 27. g5 Ke8 28. Kd1
Bd7 29. gxf6 Qxf6 30. Bg5 Qe6 31. h4 Rf7 32. h5 Nf8 33. Kc1 g6 34. f4 exf4 35.
Bxf4 Bc6 36. e5 dxe5 37. Bxe5 Re7 38. hxg6 hxg6 39. Bxg6+ Nxg6 40. Rxg6 Qxe5
41. Rg8+ Kf7 42. Qf2+ Ke6 43. R1g6+ Kd7 44. Qd2+ Bd5 45. Rxa8 Qe1+ 46. Qxe1
Rxe1+ 47. Kd2 Bxa8 48. Kxe1 Be4 49. Rg7+ Kd6 50. Kd2 c5 51. Kc1 Kc6 52. Kb2 Bd3
53. Rg4 Be2 54. Rf4 Bd3 55. Rh4 Be2 56. Kc2 Bf3 57. Rf4 Bh5 58. Rf6+ Kc7 59. b4
Bg4 60. bxc5 bxc5 61. Kd3 Bd1 62. Ke4 Bxa4 63. Kd5 Bb3 64. Kxc5 a4 65. Kb4 Kb7
66. c5 Kc7 67. Ra6 Kb7 68. Rxa4 1-0

[Event "Cote d'Ivoire Blitz 2019"]
[Site "Abidjan CIV"]
[Date "2019.05.12"]
[Round "14"]
[White "So, Wesley"]
[Black "Nepomniachtchi, Ian"]
[Result "1/2-1/2"]
[WhiteElo "2754"]
[BlackElo "2773"]
[PlyCount "66"]
[EventDate "2019.05.11"]

1. e4 e5 2. Nf3 Nc6 3. Bc4 Nf6 4. d3 Be7 5. O-O O-O 6. h3 d6 7. a4 a5 8. Re1
Be6 9. Nbd2 Nd7 10. c3 Nc5 11. d4 Bxc4 12. Nxc4 exd4 13. cxd4 Nd7 14. Bd2 Re8
15. d5 Nce5 16. Nfxe5 Nxe5 17. Nxa5 c5 18. dxc6 bxc6 19. b4 c5 20. Nb3 Nd3 21.
Re3 Nb2 22. Qc2 Nxa4 23. Na5 Nb6 24. bxc5 dxc5 25. Bc3 Bf6 26. Rd1 Qe7 27. Nc6
Qe6 28. Bxf6 Qxc6 29. Ba1 Nd7 30. Rg3 Ne5 31. Kh2 h6 32. Bxe5 Rxe5 33. Rc3 Qxe4
1/2-1/2

[Event "Cote d'Ivoire Blitz 2019"]
[Site "Abidjan CIV"]
[Date "2019.05.12"]
[Round "15"]
[White "Karjakin, Sergey"]
[Black "Nakamura, Hikaru"]
[Result "1/2-1/2"]
[WhiteElo "2752"]
[BlackElo "2761"]
[PlyCount "143"]
[EventDate "2019.05.11"]

1. c4 Nf6 2. Nc3 e5 3. Nf3 Nc6 4. a3 g6 5. g3 Bg7 6. Bg2 O-O 7. O-O a5 8. d3 d6
9. Rb1 h6 10. b4 axb4 11. axb4 Be6 12. b5 Ne7 13. Bb2 Qd7 14. Qc2 Bh3 15. Ra1
Bxg2 16. Kxg2 Qe6 17. Rxa8 Rxa8 18. Ra1 Rxa1 19. Bxa1 c6 20. e4 Nd7 21. Bb2 f5
22. Ba3 Bf8 23. Ne2 g5 24. exf5 Nxf5 25. bxc6 bxc6 26. h3 Nf6 27. Nc3 Ne7 28.
Qa4 c5 29. Qa6 Kf7 30. Nb5 Ng6 31. Nd2 Qd7 32. Qa8 d5 33. Nb3 dxc4 34. dxc4 Qd3
35. Nxc5 Qxc4 36. Qb7+ Kg8 37. Qc6 Qd5+ 38. Qxd5+ Nxd5 39. Ne4 Bxa3 40. Nxa3
Kf7 41. Kf3 Nge7 42. Nc4 Nc6 43. Nc5 Nf6 44. Ke3 h5 45. Ne4 Nd5+ 46. Kf3 Kg6
47. Ned6 Nf6 48. Ke3 h4 49. gxh4 gxh4 50. Ne4 Nd5+ 51. Kf3 Kh5 52. Nc5 Nf6 53.
Ke3 Kg5 54. Ne4+ Kf5 55. Nxf6 Kxf6 56. Ke4 Ke6 57. Kf3 Kd5 58. Ne3+ Kd4 59. Kg4
Ke4 60. Ng2 Kd3 61. Kxh4 Nd4 62. Ne3 Ke4 63. Kg4 Nf3 64. Nf1 Ne1 65. h4 Nd3 66.
f3+ Kd5 67. Kf5 Kd6 68. h5 Ke7 69. Ne3 Ne1 70. Ke4 Kf6 71. Nf5 Nxf3 72. Kxf3
1/2-1/2

[Event "Cote d'Ivoire Blitz 2019"]
[Site "Abidjan CIV"]
[Date "2019.05.12"]
[Round "15"]
[White "Ding, Liren"]
[Black "Vachier-Lagrave, Maxime"]
[Result "1/2-1/2"]
[WhiteElo "2805"]
[BlackElo "2780"]
[PlyCount "56"]
[EventDate "2019.05.11"]

1. d4 Nf6 2. c4 g6 3. g3 c5 4. Nf3 Bg7 5. Bg2 O-O 6. Nc3 cxd4 7. Nxd4 Qc7 8.
Nd5 Nxd5 9. cxd5 Qb6 10. Nb3 d6 11. O-O Bd7 12. Be3 Qa6 13. Bd4 Qa4 14. Bxg7
Kxg7 15. Qd4+ Qxd4 16. Nxd4 Na6 17. Rfc1 Rac8 18. f4 Nc5 19. Kf2 Na4 20. b3 Nc3
21. Ke1 Rc7 22. Kd2 Rfc8 23. Rc2 Nb5 24. Rxc7 Rxc7 25. Nxb5 Bxb5 26. a4 Bd7 27.
Rc1 Rxc1 28. Kxc1 a5 1/2-1/2

[Event "Cote d'Ivoire Blitz 2019"]
[Site "Abidjan CIV"]
[Date "2019.05.12"]
[Round "15"]
[White "So, Wesley"]
[Black "Wei, Yi"]
[Result "1/2-1/2"]
[WhiteElo "2754"]
[BlackElo "2736"]
[PlyCount "58"]
[EventDate "2019.05.11"]

1. Nf3 d5 2. d4 Nf6 3. c4 dxc4 4. e3 e6 5. Bxc4 c5 6. O-O Nc6 7. a3 a6 8. dxc5
Qxd1 9. Rxd1 Bxc5 10. Be2 b5 11. b4 Be7 12. Bb2 Bb7 13. Nbd2 O-O 14. Nb3 Rfd8
15. Ne1 Rxd1 16. Rxd1 Rd8 17. Rxd8+ Nxd8 18. f3 Nd7 19. e4 e5 20. g3 f6 21. Bf1
Kf7 22. Nd3 Ne6 23. Bh3 Bc8 24. Kf2 Nb6 25. Bc1 Nc4 26. Nd2 Nb6 27. Nb3 Nc4 28.
Nd2 Nb6 29. Nb3 Nc4 1/2-1/2

[Event "Cote d'Ivoire Blitz 2019"]
[Site "Abidjan CIV"]
[Date "2019.05.12"]
[Round "15"]
[White "Topalov, Veselin"]
[Black "Amin, Bassem"]
[Result "1/2-1/2"]
[WhiteElo "2740"]
[BlackElo "2704"]
[PlyCount "119"]
[EventDate "2019.05.11"]

1. e4 e5 2. Nf3 Nc6 3. Bb5 a6 4. Ba4 Nf6 5. O-O Be7 6. d3 d6 7. c3 O-O 8. Re1
Re8 9. h3 b5 10. Bc2 Bb7 11. Nbd2 Bf8 12. a4 Nb8 13. Nf1 c5 14. Bg5 h6 15. Bh4
Nbd7 16. Ne3 Qc7 17. Bg3 g6 18. Bh2 Bg7 19. Nd2 d5 20. exd5 Nxd5 21. Nxd5 Bxd5
22. Bb3 Qc6 23. Bxd5 Qxd5 24. Qe2 f5 25. Qf3 e4 26. dxe4 Qxd2 27. Rad1 Qxb2 28.
Rxd7 Qxc3 29. Qd1 fxe4 30. Bf4 Qf6 31. Qd5+ Kh8 32. Rf7 Qd4 33. Qc6 Rf8 34. Rd7
Qf6 35. Qxf6 Bxf6 36. Bxh6 Rfe8 37. axb5 axb5 38. Be3 c4 39. Rf7 Bc3 40. Rc1 b4
41. Rd7 Red8 42. Re7 Re8 43. Rd7 Reb8 44. Bf4 Rf8 45. Rxc3 Rxf4 46. Rxc4 Rb8
47. Rd1 b3 48. Rb1 Rf5 49. Rxe4 b2 50. Re2 Rfb5 51. Rd2 Kg7 52. g3 Rb3 53. Kg2
R8b7 54. h4 Kh6 55. Rc2 R7b6 56. Rd2 Rb7 57. Kh3 R7b4 58. Kg2 Rb5 59. Rc2 Rb7
60. Rd2 1/2-1/2

[Event "Cote d'Ivoire Blitz 2019"]
[Site "Abidjan CIV"]
[Date "2019.05.12"]
[Round "16"]
[White "Carlsen, Magnus"]
[Black "So, Wesley"]
[Result "1/2-1/2"]
[WhiteElo "2861"]
[BlackElo "2754"]
[PlyCount "148"]
[EventDate "2019.05.11"]

1. c4 c5 2. g3 g6 3. Bg2 Bg7 4. Nc3 Nc6 5. Nf3 e6 6. h4 h6 7. e3 Nge7 8. d4
cxd4 9. Nxd4 d5 10. cxd5 Nxd4 11. exd4 Nxd5 12. O-O O-O 13. Qb3 Ne7 14. Rd1 Nf5
15. Ne2 a5 16. Bf4 a4 17. Qa3 Qb6 18. Rac1 Bd7 19. Be5 Rfc8 20. Bxg7 Kxg7 21.
d5 Rxc1 22. Rxc1 e5 23. Qc3 Qd6 24. a3 Bb5 25. Qd2 Bxe2 26. Qxe2 Nd4 27. Qc4
Rd8 28. Kh2 b5 29. Qc7 Qf6 30. Re1 Rd6 31. Kg1 g5 32. hxg5 hxg5 33. Qc8 Rd8 34.
Qg4 Re8 35. Be4 Rd8 36. Kg2 Rh8 37. d6 Ne6 38. d7 Rd8 39. Rd1 Qe7 40. Qf5 Qf6
41. Qh7+ Kf8 42. Rd5 Nd4 43. Qh5 Ke7 44. Qg4 Ne6 45. Rxb5 Rxd7 46. Qf5 Qxf5 47.
Bxf5 Kf6 48. Bc2 Rd4 49. Rb4 Nc5 50. Kf3 Ke6 51. Ke3 Kd5 52. Rb6 Rc4 53. Bd1
Rc1 54. Be2 Rc2 55. Bd1 Rc1 56. Kd2 Ra1 57. Rb4 Ne4+ 58. Ke2 Nxf2 59. Bxa4 Nh1
60. Bb3+ Kd6 61. g4 f5 62. gxf5 Ng3+ 63. Kf3 Nxf5 64. Kg4 Nd4 65. Kxg5 Rg1+ 66.
Kh4 Nxb3 67. Rxb3 e4 68. Rg3 Rb1 69. Rb3 Rg1 70. a4 Ra1 71. Rb4 e3 72. Re4 e2
73. Rxe2 Rxa4+ 74. Kg3 Kc5 1/2-1/2

[Event "Cote d'Ivoire Blitz 2019"]
[Site "Abidjan CIV"]
[Date "2019.05.12"]
[Round "16"]
[White "Vachier-Lagrave, Maxime"]
[Black "Topalov, Veselin"]
[Result "1-0"]
[WhiteElo "2780"]
[BlackElo "2740"]
[PlyCount "73"]
[EventDate "2019.05.11"]

1. Nf3 d5 2. g3 c6 3. Bg2 Bg4 4. O-O Nd7 5. h3 Bxf3 6. Bxf3 e6 7. d3 Bd6 8. e4
Ngf6 9. Qe2 Qc7 10. Nc3 O-O-O 11. a4 Rdg8 12. Rb1 g5 13. Bg2 a5 14. exd5 exd5
15. d4 Kb8 16. Qd3 h6 17. Re1 Nf8 18. Na2 Ne4 19. b4 f5 20. bxa5 Qxa5 21. Ba3
Bxa3 22. Qxa3 Nd7 23. Nb4 Kc7 24. c4 dxc4 25. Bxe4 fxe4 26. Rxe4 Re8 27. Rxe8
Rxe8 28. Qc3 Nb6 29. d5 Nxd5 30. Nxd5+ Qxd5 31. Qg7+ Kd6 32. Qxb7 Qd2 33. Kg2
Qd5+ 34. Kh2 Qd4 35. Qf7 Re7 36. Qf8 Kd5 37. Qd8+ 1-0

[Event "Cote d'Ivoire Blitz 2019"]
[Site "Abidjan CIV"]
[Date "2019.05.12"]
[Round "16"]
[White "Nakamura, Hikaru"]
[Black "Nepomniachtchi, Ian"]
[Result "1-0"]
[WhiteElo "2761"]
[BlackElo "2773"]
[PlyCount "171"]
[EventDate "2019.05.11"]

1. e4 e5 2. Nf3 Nc6 3. Bb5 g6 4. c3 a6 5. Ba4 Bg7 6. d4 exd4 7. cxd4 b5 8. Bb3
Nge7 9. O-O d6 10. d5 Na5 11. Bc2 c5 12. Nc3 O-O 13. h3 h6 14. Re1 g5 15. e5
dxe5 16. Nxe5 b4 17. Na4 Qxd5 18. Qxd5 Nxd5 19. Be4 Be6 20. Nxc5 Bxe5 21. Bxd5
Bxd5 22. Rxe5 Rfd8 23. Re1 b3 24. Bd2 Nc4 25. Bc3 bxa2 26. Rxa2 Rac8 27. Rxa6
Rxc5 28. Rxh6 f6 29. Bxf6 Rd7 30. Rh8+ Kf7 31. Rh7+ Kxf6 32. Rxd7 Be6 33. Rb7
Ne5 34. Rb6 Kf5 35. b4 Rd5 36. Rb8 Nd7 37. Rd8 Rb5 38. Re8 Rb6 39. Re7 Ne5 40.
Rb1 Nc6 41. Re8 Rxb4 42. Ra1 Nd4 43. Rf8+ Kg6 44. Re1 Kg7 45. Ra8 Kf6 46. Ra6
Kf5 47. Kh2 Rb2 48. Ra5+ Kf6 49. Re4 Nc6 50. Rc5 Rb6 51. h4 gxh4 52. Rxh4 Ne7
53. Rf4+ Kg7 54. Re4 Kf6 55. Re3 Nf5 56. Re2 Ne7 57. f3 Ng6 58. Rd2 Ne5 59. Kg3
Nf7 60. Ra5 Rc6 61. Rd4 Rb6 62. Kh4 Nh6 63. g4 Nf7 64. Rf4+ Kg7 65. Kg3 Rb1 66.
Re4 Rb6 67. f4 Bb3 68. Re7 Kf8 69. Rc7 Bd1 70. Rf5 Bb3 71. g5 Kg7 72. Ra5 Rd6
73. f5 Rd3+ 74. Kf4 Rd4+ 75. Ke3 Rc4 76. Rb7 Rc3+ 77. Kd4 Rg3 78. g6 Rg4+ 79.
Ke3 Rg1 80. Raa7 Bd5 81. Rxf7+ Bxf7 82. Rxf7+ Kg8 83. Kf4 Rf1+ 84. Kg5 Rg1+ 85.
Kf6 Ra1 86. Rb7 1-0

[Event "Cote d'Ivoire Blitz 2019"]
[Site "Abidjan CIV"]
[Date "2019.05.12"]
[Round "16"]
[White "Wei, Yi"]
[Black "Ding, Liren"]
[Result "1/2-1/2"]
[WhiteElo "2736"]
[BlackElo "2805"]
[PlyCount "45"]
[EventDate "2019.05.11"]

1. e4 e5 2. Nf3 Nc6 3. Nc3 Nf6 4. Bb5 Nd4 5. Bc4 Bc5 6. Nxe5 Qe7 7. Nf3 d5 8.
Bxd5 Bg4 9. d3 O-O-O 10. Be3 Nxd5 11. Nxd5 Rxd5 12. exd5 Re8 13. c3 Nxf3+ 14.
gxf3 Qh4 15. Kd2 Rxe3 16. fxe3 Qf2+ 17. Kc1 Bxf3 18. Qe1 Bxe3+ 19. Kb1 Bxh1 20.
Qxh1 Qe2 21. a4 Qxd3+ 22. Ka2 Qc4+ 23. Kb1 1/2-1/2

[Event "Cote d'Ivoire Blitz 2019"]
[Site "Abidjan CIV"]
[Date "2019.05.12"]
[Round "16"]
[White "Amin, Bassem"]
[Black "Karjakin, Sergey"]
[Result "0-1"]
[WhiteElo "2704"]
[BlackElo "2752"]
[PlyCount "118"]
[EventDate "2019.05.11"]

1. Nf3 c5 2. e4 d6 3. Bb5+ Nd7 4. O-O Ngf6 5. Re1 a6 6. Bf1 b6 7. c4 e5 8. Nc3
Be7 9. d3 O-O 10. a3 Nb8 11. b4 Nc6 12. Rb1 h6 13. bxc5 bxc5 14. Nd5 Bg4 15.
Be2 Bxf3 16. Bxf3 Nxd5 17. cxd5 Nd4 18. Bb2 g6 19. Bxd4 cxd4 20. Rb7 Bg5 21.
Qa4 h5 22. g3 Qf6 23. Kg2 Rfc8 24. h4 Bc1 25. Rb6 Rc3 26. Rxa6 Rxa6 27. Qxa6
Bxa3 28. Rb1 Kh7 29. Rb8 Bc1 30. Qb5 Be3 31. Qb2 Rxd3 32. fxe3 dxe3 33. Qe2 Rd2
34. Rb2 Rxe2+ 35. Rxe2 Qd8 36. Rxe3 Qa5 37. Re2 Qc3 38. Rf2 Qd3 39. Kh2 Qe3 40.
Kg2 Kh6 41. Re2 Qd3 42. Rf2 f5 43. Re2 Kg7 44. Kf2 Kf6 45. Re1 f4 46. Re2 fxg3+
47. Kxg3 g5 48. hxg5+ Kxg5 49. Rh2 h4+ 50. Rxh4 Qxf3+ 51. Kxf3 Kxh4 52. Kf2 Kg4
53. Ke3 Kg3 54. Kd2 Kf4 55. Kd3 Kf3 56. Kc3 Kxe4 57. Kc4 Kf4 58. Kb5 e4 59. Kc6
Ke5 0-1

[Event "Cote d'Ivoire Blitz 2019"]
[Site "Abidjan CIV"]
[Date "2019.05.12"]
[Round "17"]
[White "So, Wesley"]
[Black "Nakamura, Hikaru"]
[Result "0-1"]
[WhiteElo "2754"]
[BlackElo "2761"]
[PlyCount "108"]
[EventDate "2019.05.11"]

1. c4 Nf6 2. Nc3 e5 3. Nf3 Nc6 4. e3 d6 5. d4 Bg4 6. Be2 Be7 7. h3 Bh5 8. O-O
O-O 9. b3 Re8 10. Bb2 Bf8 11. dxe5 dxe5 12. Nd5 Bg6 13. a3 Bd6 14. Nxf6+ Qxf6
15. b4 a6 16. Qb3 Qe6 17. Qc3 h6 18. Rad1 Kh8 19. c5 Bf8 20. Bc4 Qe7 21. Bd5 f6
22. Qc4 Bh7 23. e4 Nd8 24. Qe2 c6 25. Bc4 Ne6 26. Qe3 Rad8 27. Nh4 Nd4 28. Nf3
Nxf3+ 29. Qxf3 a5 30. h4 axb4 31. axb4 b6 32. Rc1 bxc5 33. bxc5 Qa7 34. Ba3 Rd4
35. Rfe1 Rb8 36. h5 Qa4 37. Bf7 Bxe4 38. Qg3 Bxg2 39. Rb1 Rxb1 40. Rxb1 Be4 41.
Re1 Bd5 42. Bxd5 Rg4 43. Qxg4 Qxg4+ 44. Bg2 Qc4 45. Bxc6 Bxc5 46. Bxc5 Qxc5 47.
Be4 Qb4 48. Re3 Kg8 49. Bg6 Kf8 50. Re4 Qb5 51. Re1 Ke7 52. Rc1 Qb7 53. Rb1 Qd7
54. Be4 Qg4+ 0-1

[Event "Cote d'Ivoire Blitz 2019"]
[Site "Abidjan CIV"]
[Date "2019.05.12"]
[Round "17"]
[White "Carlsen, Magnus"]
[Black "Wei, Yi"]
[Result "1-0"]
[WhiteElo "2861"]
[BlackElo "2736"]
[PlyCount "81"]
[EventDate "2019.05.11"]

1. d4 Nf6 2. Bg5 d5 3. e3 c5 4. Nd2 cxd4 5. exd4 Qb6 6. Ngf3 Nc6 7. Nb3 Ne4 8.
Bf4 Bg4 9. Be2 e6 10. O-O Be7 11. c3 O-O 12. a4 a6 13. a5 Qd8 14. Nfd2 Bxe2 15.
Qxe2 Nxd2 16. Qxd2 Rc8 17. Rfe1 Re8 18. Re3 Bd6 19. Bxd6 Qxd6 20. Nc5 Rc7 21.
b4 Ne7 22. Rae1 Nf5 23. Re5 Qd8 24. Qf4 Rce7 25. R1e2 Kh8 26. Nxb7 Rxb7 27.
Qxf5 Rc7 28. Qd3 Qc8 29. R5e3 Rc6 30. Rh3 h6 31. Qd2 Kh7 32. Re5 Re7 33. Reh5
Qf8 34. f4 f5 35. Re3 Qf7 36. Rhh3 Rec7 37. Re5 Qf8 38. Rd3 Qc8 39. Ree3 Rc4
40. h3 Qf8 41. Rxe6 1-0

[Event "Cote d'Ivoire Blitz 2019"]
[Site "Abidjan CIV"]
[Date "2019.05.12"]
[Round "17"]
[White "Karjakin, Sergey"]
[Black "Vachier-Lagrave, Maxime"]
[Result "1-0"]
[WhiteElo "2752"]
[BlackElo "2780"]
[PlyCount "117"]
[EventDate "2019.05.11"]

1. e4 c5 2. Nf3 d6 3. d4 cxd4 4. Nxd4 Nf6 5. Nc3 a6 6. Be3 e5 7. Nf3 Be7 8. Bc4
O-O 9. O-O Nc6 10. Re1 b5 11. Bf1 Rb8 12. Bg5 Ng4 13. Bxe7 Nxe7 14. Qd2 b4 15.
Ne2 Qb6 16. Ng3 Be6 17. h3 Nf6 18. a3 b3 19. c3 h6 20. Rad1 Rfd8 21. Qe3 Qc6
22. Rd2 Rd7 23. Red1 Ng6 24. Ne1 d5 25. exd5 Rxd5 26. Rxd5 Nxd5 27. Qe4 a5 28.
Nf3 Nde7 29. Qxc6 Nxc6 30. Rd6 Nge7 31. a4 Bd5 32. Bb5 Rd8 33. Rxd8+ Nxd8 34.
Nxe5 Ne6 35. Ne2 f6 36. Nc4 Nc7 37. Nxa5 Kf8 38. Nd4 Nc8 39. Naxb3 Nb6 40. Nc5
Ke7 41. b4 Nxb5 42. Nxb5 Bc6 43. f3 Nd5 44. Nd4 Ba8 45. Ne4 g6 46. g4 h5 47.
gxh5 gxh5 48. h4 Nf4 49. Kf2 Ng6 50. Kg3 Ne5 51. a5 Nc4 52. Kf4 Kf7 53. Nf5 Ne5
54. a6 Ke6 55. Ng7+ Kf7 56. Nxh5 Ng6+ 57. Kg3 f5 58. Ng5+ Ke7 59. Nf4 1-0

[Event "Cote d'Ivoire Blitz 2019"]
[Site "Abidjan CIV"]
[Date "2019.05.12"]
[Round "17"]
[White "Nepomniachtchi, Ian"]
[Black "Amin, Bassem"]
[Result "1-0"]
[WhiteElo "2773"]
[BlackElo "2704"]
[PlyCount "91"]
[EventDate "2019.05.11"]

1. e4 e5 2. Nf3 Nc6 3. Bb5 a6 4. Ba4 Nf6 5. O-O Be7 6. d3 d6 7. c3 O-O 8. Re1
Re8 9. h3 b5 10. Bc2 Bb7 11. Nbd2 Bf8 12. a4 Nb8 13. b4 Nbd7 14. Nb3 Rb8 15.
axb5 axb5 16. Ra7 Nb6 17. Na5 Ba8 18. Be3 d5 19. exd5 Nfxd5 20. Bd2 Qd6 21. Nb3
Na4 22. Qa1 Ndxc3 23. Bxc3 Bxf3 24. gxf3 Qc6 25. Nc5 Bxc5 26. bxc5 Qxc5 27.
Rxa4 bxa4 28. Bxa4 Re6 29. Re4 Reb6 30. Bc2 Rg6+ 31. Kf1 Rc6 32. Rc4 Qd5 33.
Rxc6 Qxc6 34. Bd1 Qd7 35. Kg2 Qxd3 36. Bxe5 Qg6+ 37. Bg3 h5 38. h4 Rb1 39. Qd4
c5 40. Qd8+ Kh7 41. Qd2 f5 42. Bc2 Rb4 43. Qd5 Qf6 44. Bxf5+ g6 45. Be4 c4 46.
Qxh5+ 1-0

[Event "Cote d'Ivoire Blitz 2019"]
[Site "Abidjan CIV"]
[Date "2019.05.12"]
[Round "17"]
[White "Topalov, Veselin"]
[Black "Ding, Liren"]
[Result "1/2-1/2"]
[WhiteElo "2740"]
[BlackElo "2805"]
[PlyCount "57"]
[EventDate "2019.05.11"]

1. d4 Nf6 2. c4 e6 3. Nf3 d5 4. Bg5 dxc4 5. Nc3 a6 6. a4 Nc6 7. e3 Na5 8. Ne5
c5 9. Nxc4 cxd4 10. Qxd4 Qxd4 11. exd4 Nxc4 12. Bxc4 Be7 13. Bf4 Bd7 14. d5 Rc8
15. dxe6 Rxc4 16. exd7+ Kxd7 17. O-O-O+ Kc6 18. Be5 Rd8 19. Rxd8 Bxd8 20. b3
Rc5 21. Bd4 Rf5 22. f3 Bb6 23. Bxb6 Kxb6 24. Re1 Rc5 25. Kd2 Nd5 26. Nxd5+
Rxd5+ 27. Kc3 Rc5+ 28. Kd2 Rd5+ 29. Kc3 1/2-1/2

[Event "Cote d'Ivoire Blitz 2019"]
[Site "Abidjan CIV"]
[Date "2019.05.12"]
[Round "18"]
[White "Nakamura, Hikaru"]
[Black "Carlsen, Magnus"]
[Result "0-1"]
[WhiteElo "2761"]
[BlackElo "2861"]
[PlyCount "90"]
[EventDate "2019.05.11"]

1. d4 d5 2. c4 e6 3. Nf3 a6 4. Bg5 Be7 5. Bxe7 Qxe7 6. e3 Nf6 7. Nc3 O-O 8. Rc1
Rd8 9. Qc2 dxc4 10. Bxc4 c5 11. dxc5 Qxc5 12. Bd3 Nc6 13. a3 Ne5 14. Nxe5 Qxe5
15. Ne4 Bd7 16. Nxf6+ Qxf6 17. O-O Rac8 18. Qb1 Rxc1 19. Rxc1 g6 20. Be4 Bb5
21. Qc2 b6 22. g3 Qe5 23. Bf3 a5 24. h4 h6 25. Qc7 Qxc7 26. Rxc7 Rd6 27. Rb7
Kg7 28. Kg2 Kf6 29. g4 g5 30. hxg5+ hxg5 31. Kg3 a4 32. Bg2 Bc4 33. Be4 b5 34.
f4 e5 35. Rc7 exf4+ 36. exf4 Rd2 37. Rc6+ Kg7 38. fxg5 Rxb2 39. g6 Rb3+ 40. Kf4
Rxa3 41. gxf7 Ra1 42. Rc8 Bxf7 43. Rc7 a3 44. Kg5 Rd1 45. Bc2 Rc1 0-1